Word Ladder: Ocean to Ocean Athlete Quiz Stats

 Plays Quiz Updated Aug 12, 2018

Challenge
Share
Tweet
Embed
Score 0/28 Timer 03:00
0 Plays Today
Clue Answer % Correct
Male counterpart of BarbieKEN
99%
One's relatives collectivelyKIN
96.8%
Tartan skirtKILT
95.2%
Fade like a flowerWILT
93.9%
Furnace for firing bricksKILN
93.6%
Whip markWELT
91.2%
Most excellentBEST
88.8%
↑ Into the sunset ↓° WEST °
85.2%
Swimmer's pathLANE
84.2%
Baseball deliveryPITCH
84%
Large spiral shellCONCH
77.4%
Squeeze or compress painfullyPINCH
75.2%
Easy taskCINCH
73.5%
A wee fellowLAD
71.5%
Clue Answer % Correct
The white part of orangesPITH
70.6%
↑ Checkout hassle ↓° LINE °
70.2%
Hot under the collarMAD
69.8%
Be a braggartBOAST
68.7%
Trainer; sizeable horse carriageCOACH
68.7%
↑ Part of many superhero names ↑° MAN °
68.2%
Crow's-nest sightingLAND
67.2%
↑ Hurricane danger zone ↓° COAST °
65.4%
↓ C minor, for Beethoven's Fifth ↓° KEY °
62.1%
Ache; flooring woodPINE
60.1%
Goddess of warfare in Lower EgyptBAST
58.5%
Ice cream purchasePINT
54.7%
'First Lieutenant Aldo Raine' portrayerPITT
53.3%
Work together, as organismsCOACT
52.4%

Today's Daily Dose

You're not logged in!

Compare scores with friends on all Sporcle quizzes.
OR
Log In

You Might Also Like...

Show Comments

Extras

Top Quizzes Today


Score Distribution

Your Account Isn't Verified!

In order to create a playlist on Sporcle, you need to verify the email address you used during registration. Go to your Sporcle Settings to finish the process.

Report this User

Report this user for behavior that violates our Community Guidelines.

Details: